The nation across the world: (Record no. 11032)

MARC details
000 -LEADER
fixed length control field 01065 a2200217 4500
010 ## - LCCN (DPL NO)
LC control number ENG-89628 B-425574
020 ## - INTERNATIONAL STANDARD BOOK NUMBER
International Standard Book Number 0195690249
Terms of availability 650.00
035 ## - SYSTEM CONTROL NUMBER
System control number EN-73161 B-425574
037 ## - SOURCE OF ACQUISITION
Source of stock number/acquisition DBAD / PUB
037 ## - SOURCE OF ACQUISITION
Source of stock number/acquisition RBC/VEN
082 14 - DEWEY DECIMAL CLASSIFICATION NUMBER
Classification number 880.99171241
245 1# - TITLE STATEMENT
Title The nation across the world:
Statement of responsibility, etc edited by Harish Trivedi...[et al]
Remainder of title postcolonial literary representations/
260 ## - PUBLICATION, DISTRIBUTION, ETC. (IMPRINT)
Place of publication, distribution, etc New Delhi
Name of publisher, distributor, etc Oxford University Press
Date of publication, distribution, etc 2007
270 ## - ADDRESS
Address YMCA Library Building, Jai Singh Road,
City New Delhi
Postal code 110 001
300 ## - PHYSICAL DESCRIPTION
Extent xxxii, 312p.
Dimensions 23cm (Hb.)
500 ## - GENERAL NOTE
General note Includes index
942 ## - ADDED ENTRY ELEMENTS (KOHA)
Institution code [OBSOLETE] dpl
Item type English Books
Call number prefix 880.99171241 / NAT
Source of classification or shelving scheme Dewey Decimal Classification
Holdings
Withdrawn status Lost status Not for loan Collection code Home library Current library Source of acquisition Cost, normal purchase price Full call number Barcode Copy number Cost, replacement price Koha item type Date acquired
      Non-fiction Central Library Central Library RBC/22493/23.3.11/76/4.3.11/25.3.11 650.00   B-425574 1 650.00 English Books 04/05/2011
    Not For Loan Non-fiction D.B.Act.Division D.B.Act.Division DBAD/PUB 650.00 880.99171241 EN-73161 1 650.00 English Books  

© Delhi Public Library
Hit Counter
free hit counter